Lectures on the theory of production

Gespeichert in:
Bibliographische Detailangaben
1. Verfasser: Pasinetti, Luigi L.
Format: Buch
Sprache:Undetermined
Veröffentlicht: New York The Macmillan Press 1977
Schlagworte:
Tags: Tag hinzufügen
Keine Tags, Fügen Sie den ersten Tag hinzu!
Thư viện lưu trữ: Trung tâm Học liệu Trường Đại học Cần Thơ
LEADER 00507nam a2200181Ia 4500
001 CTU_83447
008 210402s9999 xx 000 0 und d
082 |a 338 
082 |b P282 
100 |a Pasinetti, Luigi L. 
245 0 |a Lectures on the theory of production 
245 0 |c Luigi L. Pasinetti 
260 |a New York 
260 |b The Macmillan Press 
260 |c 1977 
650 |a Production (Economic theory) 
904 |i QHieu(sửa) 
980 |a Trung tâm Học liệu Trường Đại học Cần Thơ